Statistics for Countries Closest To Vatican City

Click here to take the quiz!

General Stats

  • This quiz has been taken 31 times
  • The average score is 12 of 15

Answer Stats

KilometersAnswer% Correct
10Italy
100%
226.7San Marino
93%
640.9Switzerland
93%
418.6Croatia
90%
645.3Austria
87%
683.3Malta
87%
513.9Slovenia
87%
851.4Greece
83%
480.4Bosnia and Herzegovina
80%
628.2Liechtenstein
80%
457.7Monaco
80%
575.6Montenegro
70%
807.7Hungary
67%
733.7Serbia
67%
770.6Macedonia
53%

Score Distribution

Percentile by Number Answered

Percent of People with Each Score

Your Score History

You have not taken this quiz